|
|
|
|
| LEADER |
00000cam a2200000 a 4500 |
| 001 |
vtls001064436 |
| 003 |
SK-MaSNL |
| 005 |
20260301152916.0 |
| 008 |
240226s1990 xo oablfrnp 000 0 slo |
| 015 |
|
|
|a SNBA1990/02
|
| 020 |
|
|
|a 8022703192
|q (brožované)
|
| 035 |
|
|
|a SNK000007265
|
| 035 |
|
|
|a urn:nbn:sk:snk-amlie1
|
| 035 |
|
|
|a urn:nbn:sk:snk-am00bnnp
|
| 035 |
|
|
|a 0725A8AF-7A6C-4780-B3EA-3098B0CE3E2C
|
| 040 |
|
|
|a SNK
|b slo
|c SNK
|e AACR2
|
| 041 |
0 |
|
|a slo
|
| 044 |
|
|
|a xo
|c SK
|
| 072 |
|
7 |
|a 71
|x Územné plánovanie. Urbanizmus. Pamiatková starostlivosť
|2 konspekt
|
| 072 |
|
7 |
|a 37.016
|x Učebné osnovy. Vyučovacie predmety. Učebnice
|2 konspekt
|
| 080 |
|
|
|a 711
|2 2011
|
| 080 |
|
|
|a 911.37
|2 2011
|
| 080 |
|
|
|a (075.8)
|2 2011
|
| 100 |
1 |
|
|a Alexy, Tibor,
|d 1929-2018
|4 aut
|9 218382
|
| 245 |
1 |
0 |
|a Rekonštrukcia sídiel
|c Tibor Alexy
|
| 250 |
|
|
|a 2. vyd.
|
| 260 |
|
|
|a V Bratislave
|b Slovenská vysoká škola technická
|c 1990
|
| 300 |
|
|
|a 181 strán
|b fotografie, ilustrácie, mapy, schémy
|c 30 cm
|
| 366 |
|
|
|e 60 kusov
|
| 500 |
|
|
|a Vydala Slovenská vysoká škola technická v Bratislave, Fakulta architektúry
|
| 500 |
|
|
|a Obsahuje 5 kapitol
|
| 504 |
|
|
|a Bibliografia na strane [182]
|
| 650 |
0 |
7 |
|a urbanizmus
|2 SNKPH
|9 2925
|
| 650 |
0 |
7 |
|a sídla
|2 SNKPH
|9 4235
|
| 650 |
0 |
7 |
|a rekonštrukcia sídiel
|2 SNKPH
|9 513947
|
| 655 |
|
7 |
|a učebnice vysokých škôl
|2 SNKPH
|9 70191
|
| 710 |
2 |
|
|a Slovenská vysoká škola technická v Bratislave.
|b Fakulta architektúry
|4 pbl
|9 186042
|
| 740 |
0 |
2 |
|a Úvod
|
| 740 |
0 |
2 |
|a Obsah, poslanie a charakteristika predmetu
|
| 740 |
0 |
2 |
|a Analýza stavu historickej urbanistickej štruktúry z hľadiska rekonštrukcie
|
| 740 |
0 |
2 |
|a Tvorivý prístup k rekonštrukcii sídelných útvarov
|
| 740 |
0 |
2 |
|a Rekonštrukcia zonálnych štruktúr a čiastkových súborov
|
| 752 |
|
|
|a Slovensko
|d Bratislava
|
| 852 |
|
|
|a Slovenská národná knižnica
|
| 919 |
|
|
|a 80-227-0319-2
|
| 954 |
|
|
|a odborná, vedecká literatúra pôvodná (slovenská)
|2 lita
|
| 958 |
|
|
|a RK
|
| 958 |
|
|
|a TL
|
| 958 |
|
|
|a OND
|
| 958 |
|
|
|a UV
|
| 958 |
|
|
|a NB
|
| 999 |
|
|
|c 790608
|d 792538
|
| 952 |
|
|
|a SNK
|b SNK
|y VYP
|7 0
|p 17A0051332
|o snkSB 47977 D1
|0 0
|1 0
|4 0
|d 1997-03-05
|l 0
|r 2004-12-31 00:00:00
|w 2026-02-24
|
| 952 |
|
|
|a SNK
|b SNK
|y PREZ
|7 0
|p 17A0807182
|o snkSB 47977
|i snkKSP 3306/91
|0 0
|1 0
|4 0
|d 2012-07-10
|f 1
|l 0
|r 2025-02-13 00:00:00
|w 2026-02-24
|